Database Concept (Record no. 20141)

MARC details
000 -LEADER
fixed length control field 00367nam a22001577a 4500
008 - FIXED-LENGTH DATA ELEMENTS--GENERAL INFORMATION
fixed length control field 230916b |||||||| |||| 00| 0 eng d
020 ## - INTERNATIONAL STANDARD BOOK NUMBER
ISBN 0-07-881524-X
082 ## - DEWEY DECIMAL CLASSIFICATION NUMBER
Classification number 105.32
100 ## - MAIN ENTRY--AUTHOR NAME
Personal name D M Kroenka
245 ## - TITLE STATEMENT
Title Database Concept
Statement of responsibility, etc D M Kroenka
260 ## - PUBLICATION, DISTRIBUTION, ETC. (IMPRINT)
Place of publication New Delhi
Name of publisher TMG
Year of publication 2001
300 ## - PHYSICAL DESCRIPTION
Number of Pages 204
700 ## - ADDED ENTRY--PERSONAL NAME
Personal name BB CSE
796 ## - LOCAL ADDED ENTRY--PERSONAL NAME (RLIN)
Personal name D M Kroenka
942 ## - ADDED ENTRY ELEMENTS (KOHA)
Source of classification or shelving scheme Dewey Decimal Classification
Koha item type Books
Holdings
Accession Number Source of acquisition Price effective from Koha item type Withdrawn / writtenoff status Damaged status Not for loan Permanent Location Current Location Shelving location Date acquired Lost/ Missing status department
BB 1182 Donated 09/16/2023 Books       MIET Library, Jammu MIET Library, Jammu BL-Academic Block B, FL-2, CUP-194, SH42, R-4 09/16/2023   BB